Flugzeugflotten Teil 8-TAP Portugal - Statistiken

Allgemein
  • Dieses Quiz wurde 60 mal gespielt
    22 seit der letzten Aktualisierung
  • Das Durchschnittsergebnis liegt bei 7 aus 10
Antwortstatistiken
Anzahl Flugzeugtyp % Korrekt
15 Airbus A320-200
100%
13 Airbus A320neo
100%
3 Airbus A321-200
92%
10 Airbus A321neo
92%
5 Airbus A319-100
83%
3 Airbus A330-200
83%
19 Airbus A330-900
83%
12 Embraer 190
42%
7 Embraer 195
42%
13 Airbus A321LR
17%
Keine übereinstimmenden Quizze gefunden
Verteilung der Resultate
Anzahl Personen mit jedem Resultat
Perzentil nach korrekt beantworteten Fragen
Ihre Resultats-Entwicklung
Sie haben dieses Quiz seit der letzten Aktualisierung nicht gespielt